000 00603nam a22002537a 4500
003 UA-OsUOA
001 25263
007 ta
008 20040330b un ||||| |||| 00| 0 ukr d
100 _aШевнюк О.Л.
090 _a008(075.8)
_bШ37
942 _cBK
040 _aUA-OsUOA
_bukr
_cUA-OsUOA
_dUA-OsUOA
245 _aКульторологія
_bНавч. посіб.
300 _a353 с.
955 _a0
041 _aukr
080 _a008(075.8)
020 _a966-311-000-7
260 _aКиїв
_bЗнання-Прес
_c2004
044 _aUA
650 7 _2UDC
999 _c311556
_d311556